000 00676nam a2200205Ii 4500
003 JO-AjNU
008 230605s9999||||xx |||||||||||||| ||und||
040 _aJO-AjNU
_bara
_erda
_cJO-AjNU
041 _aara
050 1 4 _aBP166 2004
100 3 _aالناعسة،أسامة نعيم مصطفى,
_eauthor
_917316
245 0 0 _aقصص وعبر في حسن الخاتمة وسوء الخاتمة
250 _aط1
264 3 1 _aعمان: دار البيت العتيق الاسلامية، 2004
300 _a85ص
336 _atext
_btxt
_2rdacontent
337 _aunmediated
_bn
_2rdamedia
338 _avolume
_bnc
_2rdacarrier
650 4 _aالموت- الاسلام
_917317
999 _aA5323
_c8891
_d8891